| 000 | 00782nam a2200241 a 4500 | ||
|---|---|---|---|
| 001 | BRCA_4712 | ||
| 005 | 20190320204755.0 | ||
| 008 | 051010s1926----u--a######---#000-0#eng-# | ||
| 041 | _aeng | ||
| 044 | _au | ||
| 050 | 4 |
_aNK2119 _b.M32 1926 |
|
| 100 | 1 |
_aMcClelland, Nancy _911938 |
|
| 245 | 1 | 0 |
_aThe Practical Book of Decorative Wall-Treatments _cby Nancy McClelland. |
| 260 |
_aFiladelfia _bJ. B. Lippincott _c1926 |
||
| 300 |
_a273 p. _bil. (algunas a color), 1024 láminas _c22 cm. |
||
| 500 | _aIncluye índice de ilustraciones e índice analítico | ||
| 500 | _aIncluye 8 ilustraciones a color y 206 blanco y negro | ||
| 500 | _aD70 | ||
| 504 | _aBibliografía: p. 263-266 | ||
| 650 | 1 | 4 |
_aDecoración y ornamentación _xParedes _911939 |
| 902 | _aGFM | ||
| 942 |
_2lcc _cB |
||
| 999 |
_c4410 _d4410 |
||